<?xml version="1.0" encoding="UTF-8"?>
<collection xmlns="http://www.loc.gov/MARC21/slim">
 <record>
  <leader>01314cam a2200373 i 4500</leader>
  <controlfield tag="001">000042422</controlfield>
  <controlfield tag="003">296</controlfield>
  <controlfield tag="005">20041029144110.0</controlfield>
  <controlfield tag="008">010217b1998    vm            000   vie</controlfield>
  <datafield tag="020" ind1=" " ind2=" ">
   <subfield code="c">47000</subfield>
  </datafield>
  <datafield tag="022" ind1=" " ind2=" ">
   <subfield code="a">T</subfield>
  </datafield>
  <datafield tag="040" ind1=" " ind2=" ">
   <subfield code="a">IRC</subfield>
   <subfield code="c">IRC</subfield>
   <subfield code="d">IRC</subfield>
  </datafield>
  <datafield tag="041" ind1="0" ind2=" ">
   <subfield code="a">vie</subfield>
  </datafield>
  <datafield tag="082" ind1="1" ind2="4">
   <subfield code="a">110</subfield>
   <subfield code="b">NG-V</subfield>
  </datafield>
  <datafield tag="100" ind1="1" ind2=" ">
   <subfield code="a">Nguyễn Hữu Vui,</subfield>
   <subfield code="c">GS.PTS.</subfield>
  </datafield>
  <datafield tag="245" ind1="1" ind2="0">
   <subfield code="a">Lịch sử triết học /</subfield>
   <subfield code="c">Nguyễn Hữu Vui (Chủ biên), Nguyễn Duy Quý, Hà Văn Tấn….</subfield>
  </datafield>
  <datafield tag="260" ind1=" " ind2=" ">
   <subfield code="a">Hà Nội :</subfield>
   <subfield code="b">Chính trị quốc gia,</subfield>
   <subfield code="c">1998.</subfield>
  </datafield>
  <datafield tag="300" ind1=" " ind2=" ">
   <subfield code="a">646 tr. ;</subfield>
   <subfield code="c">20,5 cm.</subfield>
  </datafield>
  <datafield tag="520" ind1="3" ind2=" ">
   <subfield code="a">Triết học Trung Quốc cổ đại - trung đại; Triết học ấn Độ cổ đại - trung đại; Triết học Hy Lạp và La Mã cổ đại; Triết học Tây Âu thời kỳ trung cổ; Triết học Tây Âu thời kỳ Phục hưng và cận đại; Triết học cổ điển Đức; Triết học Mác - Lênin….</subfield>
  </datafield>
  <datafield tag="630" ind1="0" ind2="4">
   <subfield code="a">Triết học.</subfield>
  </datafield>
  <datafield tag="650" ind1="0" ind2="4">
   <subfield code="a">Triết học</subfield>
   <subfield code="x">Lịch sử.</subfield>
  </datafield>
  <datafield tag="700" ind1="2" ind2=" ">
   <subfield code="a">.</subfield>
  </datafield>
  <datafield tag="700" ind1="1" ind2=" ">
   <subfield code="a">Nguyễn Duy Quý,</subfield>
   <subfield code="c">GS.TS.</subfield>
  </datafield>
  <datafield tag="700" ind1="1" ind2=" ">
   <subfield code="a">Hà Văn Tấn,</subfield>
   <subfield code="c">GS.</subfield>
  </datafield>
  <datafield tag="OWN" ind1=" " ind2=" ">
   <subfield code="a">DUT</subfield>
  </datafield>
  <datafield tag="999" ind1=" " ind2=" ">
   <subfield code="a">From the UDN01</subfield>
  </datafield>
  <datafield tag="TYP" ind1=" " ind2=" ">
   <subfield code="a">Monograph</subfield>
  </datafield>
  <datafield tag="TYP" ind1=" " ind2=" ">
   <subfield code="a">Printed language</subfield>
  </datafield>
  <datafield tag="980" ind1=" " ind2=" ">
   <subfield code="a">Mạng thư viện Đại học Đà Nẵng</subfield>
  </datafield>
 </record>
</collection>
